000
00177 a2200097 4500
020
_a
9788499511368
041
_a
spa
100
_a
DISNEY
245
_a
Winnie hte Poo
942
_c
K
999
_c
26463
_d
26463